000 00347nam a2200181Ia 4500
100 _aCay/Horstmann
650 _aJava
250 _a2
942 _cRB
366 _f15
654 _aJAVA
245 _aBig JAVA
260 _bWiley India
_aMumbai
_c2000
082 _a005.133J/CAY
_bCAY
300 _a762
546 _aENGLISH
999 _c23456
_d23456